000 00421nam a2200133Ia 4500
008 231129s9999||||xx |||||||||||||| ||spa||
020 _a958-600-447-3
040 _bspa
082 _a658.154 B946p
100 _aBurbano Ruiz Jorge E.
245 0 _aPresupuestos: Enfoque moderno de planeación y control de recursos
264 _aSantafé de Bogotá: McGraw-Hill
942 _2ddc
_cBKS
999 _c23166
_d23166